000 nam a22 7a 4500
999 _c126596
_d126596
008 170808b xxu||||| |||| 00| 0 eng d
050 _aJQ2720.A91 M994
100 _aMwanza, Doris
_934644
245 _aCompeting interests in futuring sub-saharan Africa
_bProspects for Regional Cooperation
_cDoris Mwanza
260 _aCanada
_bResearch and development Consultancy Service
_c1991
300 _a19p. ;
_c21cm.
650 _aSADCC
_934645
942 _2lcc
_cMONOGRAPH